000 00856nam a2200217 a 4500
005 20161228144539.0
008 140313b2003 ck ||||| |||| 00| 0 spa d
040 _aCO-BoIAVH
_cCO-BoIAVH
041 0 _aspa
044 _ack
090 _aFH-
_b0056
100 1 _aConstantino-Ch., Luis Miguel
_eautor
245 0 0 _aConservación y uso sostenible de la biodiversidad :
_bzoocria de mariposas ornamentales con comunidades rurales del alto Calima y bajo Anchicaya /
246 1 4 _aZoocria de mariposas
260 _aBuenaventura :
_bCVC :
_bInstituto de Investigación de Recursos Biológicos Alexander von Humboldt,
_c2003?
300 _a13 páginas :
_bilustraciones a color ;
_c21 x 16 cm.
650 2 6 _aLepidoptera
650 2 4 _aMariposas
_xAspectos biológicos
650 2 4 _aMariposas
_xconservación
942 _cFolleto
_2z
999 _c3983
_d3983